Me muero de sin usted : (Record no. 108435)
[ view plain ]
| 000 -LEADER | |
|---|---|
| fixed length control field | 01032nam a22002417a 4500 |
| 005 - DATE AND TIME OF LATEST TRANSACTION | |
| control field | 20151112111827.0 |
| 008 - FIXED-LENGTH DATA ELEMENTS--GENERAL INFORMATION | |
| fixed length control field | 151112b mx||||| |||| 00| 0 spa d |
| 020 ## - INTERNATIONAL STANDARD BOOK NUMBER | |
| International Standard Book Number | 9682325595 |
| 050 04 - LIBRARY OF CONGRESS CALL NUMBER | |
| Classification number | PQ8603.M4 |
| Item number | O94 2004 |
| 100 1# - MAIN ENTRY--PERSONAL NAME | |
| Personal name | Owen, Gilberto, |
| Dates associated with a name | 1904-1952 |
| 245 10 - TITLE STATEMENT | |
| Title | Me muero de sin usted : |
| Remainder of title | cartas de amor a Clementina Otero / |
| Statement of responsibility, etc | Gilberto Owen ; Edición y notas de Marinela Barrios Otero y Vicente Quirarte |
| 250 ## - EDITION STATEMENT | |
| Edition statement | 1a ed. |
| 260 ## - PUBLICATION, DISTRIBUTION, ETC. (IMPRINT) | |
| Place of publication, distribution, etc | México, D. F. : |
| Name of publisher, distributor, etc | El Colegio de Sinaloa : Siglo Veintiuno Editores, |
| Date of publication, distribution, etc | 2004 |
| 300 ## - PHYSICAL DESCRIPTION | |
| Extent | 205 p. : |
| Other physical details | il. ; |
| Dimensions | 23 cm. |
| 440 #0 - SERIES STATEMENT/ADDED ENTRY--TITLE | |
| Title | Los once rios |
| 500 ## - GENERAL NOTE | |
| General note | Nota : "Acompañadas de los textos, El enamorado en sus cartas de Vicente Quirarte y Gilberto Owen en su centenario, de Jaime Labastida"--Portada |
| 504 ## - BIBLIOGRAPHY, ETC. NOTE | |
| Bibliography, etc | Incluye referencias bibliograficas |
| 600 14 - SUBJECT ADDED ENTRY--PERSONAL NAME | |
| Personal name | Otero, Clementina, |
| Dates associated with a name | 1909-1996 |
| General subdivision | Correspondencia |
| 650 #4 - SUBJECT ADDED ENTRY--TOPICAL TERM | |
| Topical term or geographic name as entry element | Literatura mexicana |
| General subdivision | Correspondencia |
| 700 1# - ADDED ENTRY--PERSONAL NAME | |
| Personal name | Barrios Otero, Marinela, |
| Fuller form of name | ed. |
| 700 1# - ADDED ENTRY--PERSONAL NAME | |
| Personal name | Quirarte, Vicente, |
| Fuller form of name | ed. |
| 942 ## - ADDED ENTRY ELEMENTS (KOHA) | |
| Source of classification or shelving scheme | Biblioteca del Cogreso de los Estados Unidos |
| Koha item type | Libro |
| Estado de pérdida | Fuente de clasificación | Estado del daño | No para préstamo | Ubicación permanente | Ubicación actual | Apartado o colección | Fecha de adquisición | Fuente de adquisición | Edición | Enumeración de Serie / Cronológica | Área del conocimiento | Clasificación | Código de Barras | Date last seen | Número de copia | Tipo de recurso | Nota pública |
|---|---|---|---|---|---|---|---|---|---|---|---|---|---|---|---|---|---|
| Biblioteca del Cogreso de los Estados Unidos | Biblioteca de la Facultad de Letras | Biblioteca de la Facultad de Letras | General | 12/11/2015 | Donación | 1a ed. | LLH000007417 | Educación y Humanidades | PQ8603.M4 O94 2004 | LLH000007417 | 12/11/2015 | C:1 | Libro | General | |||
| Biblioteca del Cogreso de los Estados Unidos | Biblioteca de la Facultad de Letras | Biblioteca de la Facultad de Letras | General | 12/11/2015 | Donación | 1a ed. | LLH000007418 | Educación y Humanidades | PQ8603.M4 O94 2004 | LLH000007418 | 12/11/2015 | C:2 | Libro | General |